[Event "CFriend SH-2005-0-00036 email"]
[Site "Chessfriend.com"]
[Date "2005.06.30"]
[Round "1"]
[White "Lifshitz, Samuel"]
[Black "Sandehn, Kenth"]
[Result "1/2-1/2"]
[WhiteElo "2110"]
[BlackElo "2164"]
[PlyCount "45"]
[EventDate "2005.??.??"]
[EventType "tourn (corr)"]
[EventRounds "8"]
[SourceTitle "Corr 2008"]
[Source "ChessBase"]
[SourceDate "2008.06.24"]
[SourceVersion "1"]
[SourceVersionDate "2008.06.24"]
[SourceQuality "1"]

1. d4 Nf6 2. Bg5 Ne4 3. Bf4 c5 4. f3 Nf6 5. dxc5 e5 6. Bxe5 Bxc5 7. Nc3 Nc6 8. Bxf6 Qxf6 9. e4 0-0 10. Qd2 d5 11. 0-0-0 dxe4 12. Nxe4 Qe7 13. Nxc5 Qxc5 14. Qd5 Qf2 15. Qe4 Be6 16. Bd3 g6 17. Nh3 Qc5 18. Qh4 Bxa2 19. Ng5 h5 20. Ne4 Qe3+ 21. Rd2 Ne5 22. Bb5 Rac8 23. Qf2 1/2-1/2

[Event "CFriend SH-2005-0-00036 email"]
[Site "Chessfriend.com"]
[Date "2005.06.30"]
[Round "1"]
[White "Sandehn, Kenth"]
[Black "Zhdanenia, Konstantin A"]
[Result "0-1"]
[WhiteElo "2164"]
[BlackElo "2030"]
[PlyCount "112"]
[EventDate "2005.??.??"]
[EventType "tourn (corr)"]
[EventRounds "8"]
[SourceTitle "Corr 2008"]
[Source "ChessBase"]
[SourceDate "2008.06.24"]
[SourceVersion "1"]
[SourceVersionDate "2008.06.24"]
[SourceQuality "1"]

1. e4 e6 2. Qe2 a6 3. Nf3 c5 4. d4 cxd4 5. Nxd4 d5 6. Nc3 dxe4 7. Qxe4 Nf6 8. Qh4 b5 9. Bd3 Bb7 10. Bg5 Nbd7 11. 0-0 Be7 12. Rad1 b4 13. Nce2 Nc5 14. Ng3 Nd5 15. Bxe7 Qxe7 16. Qg4 0-0 17. Rfe1 Rad8 18. Nb3 Nxd3 19. Rxd3 Rc8 20. Rd2 Rfd8 21. Red1 Re8 22. Nh5 f5 23. Qg3 Qf7 24. Nf4 Nf6 25. Qe3 e5 26. Nd3 Ne4 27. Re2 f4 28. Qa7 f3 29. Re3 Rc7 30. Nd2 Nxd2 31. Rxd2 Rd7 32. gxf3 h6 33. Kf1 Qh5 34. Ke1 Qxh2 35. Qc5 e4 36. Kd1 Qh1+ 37. Ne1 Rxd2+ 38. Kxd2 Qg1 39. Re2 Rd8+ 40. Kc1 exf3 41. Re5 Kh7 42. Qe7 Rd5 43. Re3 Rb5 44. Qd7 Qg5 45. Qd1 Rf5 46. Qd3 Bc6 47. Kb1 Kh8 48. Qf1 Bb5 49. Nd3 Bxd3 50. Rxd3 Qe7 51. Qd1 Qe2 52. Rd2 Qxd1+ 53. Rxd1 Re5 54. a3 Re2 55. Rf1 bxa3 56. bxa3 g5 0-1

[Event "IECG TE.2003.S.01202 email"]
[Site "IECG email"]
[Date "2005.04.25"]
[Round "?"]
[White "Djoudi, Amar"]
[Black "Sandehn, Kenth"]
[Result "1/2-1/2"]
[WhiteElo "2328"]
[BlackElo "2155"]
[PlyCount "97"]
[EventDate "2005.04.25"]
[EventType "tourn (corr)"]
[EventRounds "12"]
[SourceTitle "Corr 2008"]
[Source "ChessBase"]
[SourceDate "2008.06.24"]
[SourceVersion "1"]
[SourceVersionDate "2008.06.24"]
[SourceQuality "1"]

1. e4 d5 2. exd5 Qxd5 3. Nc3 Qd6 4. d4 Nf6 5. Nf3 a6 6. Be3 Nc6 7. Qd2 Bf5 8. Bf4 Qb4 9. 0-0-0 0-0-0 10. Bxc7 Kxc7 11. Qf4+ Kc8 12. Qxf5+ e6 13. Qd3 Ng4 14. Rd2 Bc5 15. a3 Qa5 16. h3 Nf6 17. Qc4 Bd6 18. Kb1 Qb6 19. Qa4 Kb8 20. Be2 Rd7 21. Rhd1 Rhd8 22. g3 h6 23. Ka1 Qa7 24. Bf1 Bc7 25. Kb1 b5 26. Qb3 Bb6 27. a4 b4 28. Na2 Ne4 29. Re2 Nxd4 30. Nxd4 Rxd4 31. Rxd4 Rxd4 32. Nxb4 Qb7 33. Bg2 Nc5 34. Nc6+ Qxc6 35. Bxc6 Nxb3 36. cxb3 Rd1+ 37. Kc2 Rf1 38. f4 a5 39. Be8 Rf2 40. Kd3 Rxe2 41. Kxe2 f6 42. Kd3 Bc5 43. Bf7 Kc7 44. Bxe6 Kd6 45. Bf7 Bb4 46. Ke4 Be1 47. g4 Ke7 48. Bc4 Kf8 49. f5 1/2-1/2

[Event "IECG TE.2003.S.01202 email"]
[Site "IECG email"]
[Date "2005.04.25"]
[Round "?"]
[White "Sandehn, Kenth"]
[Black "Wurm, Tamas"]
[Result "1-0"]
[WhiteElo "2155"]
[BlackElo "1155"]
[PlyCount "33"]
[EventDate "2005.04.25"]
[EventType "tourn (corr)"]
[EventRounds "12"]
[SourceTitle "Corr 2008"]
[Source "ChessBase"]
[SourceDate "2008.06.24"]
[SourceVersion "1"]
[SourceVersionDate "2008.06.24"]
[SourceQuality "1"]

1. e4 d5 2. exd5 Qxd5 3. Nc3 Qd6 4. d4 Nf6 5. Nf3 a6 6. Be2 g6 7. 0-0 Bg7 8. Ne5 Nbd7 9. Nc4 Qc6 10. d5 Nxd5 11. Qxd5 Bxc3 12. Qxc6 bxc6 13. bxc3 0-0 14. Bh6 Re8 15. Bf3 Nb8 16. Ne5 Bb7 17. Rfb1 1-0

[Event "CFriend SH-2005-0-00031 email"]
[Site "Chessfriend.com"]
[Date "2005.04.13"]
[Round "1"]
[White "Chorfi, Khaled"]
[Black "Sandehn, Kenth"]
[Result "1/2-1/2"]
[WhiteElo "2380"]
[BlackElo "2180"]
[PlyCount "38"]
[EventDate "2005.04.13"]
[EventType "tourn (corr)"]
[EventRounds "6"]
[SourceTitle "Corr 2008"]
[Source "ChessBase"]
[SourceDate "2008.06.24"]
[SourceVersion "1"]
[SourceVersionDate "2008.06.24"]
[SourceQuality "1"]

1. c4 e5 2. Nc3 Nf6 3. Nf3 Nc6 4. g3 Bb4 5. Bg2 d6 6. 0-0 0-0 7. d3 Bg4 8. Bg5 Bxc3 9. bxc3 h6 10. h3 hxg5 11. hxg4 Nxg4 12. Rb1 Rb8 13. Nd2 Qe8 14. Qa4 Nf6 15. Rxb7 Nd4 16. Qd1 Rxb7 17. Bxb7 Ne6 18. Bg2 g4 19. Qb1 Qa4 1/2-1/2

[Event "CFriend SH-2005-0-00031 email"]
[Site "Chessfriend.com"]
[Date "2005.04.13"]
[Round "1"]
[White "Gonzaga Grego, Luis"]
[Black "Sandehn, Kenth"]
[Result "0-1"]
[WhiteElo "1944"]
[BlackElo "2180"]
[PlyCount "22"]
[EventDate "2005.04.13"]
[EventType "tourn (corr)"]
[EventRounds "6"]
[SourceTitle "Corr 2024"]
[Source "ChessBase"]
[SourceDate "2023.10.19"]
[SourceVersion "1"]
[SourceVersionDate "2023.10.19"]
[SourceQuality "1"]

1. e4 e5 2. Bb5 c6 3. Ba4 d5 4. Nc3 a5 5. Qh5 Bd6 6. Bb3 Nf6 7. Qg5 Be7 8. Qxe5 0-0 9. exd5 b5 10. dxc6 Nxc6 11. Qxb5 Nd4 0-1

[Event "CFriend SH-2005-0-00031 email"]
[Site "Chessfriend.com"]
[Date "2005.04.13"]
[Round "1"]
[White "Lifshitz, Samuel"]
[Black "Sandehn, Kenth"]
[Result "0-1"]
[WhiteElo "2120"]
[BlackElo "2180"]
[PlyCount "112"]
[EventDate "2005.04.13"]
[EventType "tourn (corr)"]
[EventRounds "6"]
[SourceTitle "Corr 2008"]
[Source "ChessBase"]
[SourceDate "2008.06.24"]
[SourceVersion "1"]
[SourceVersionDate "2008.06.24"]
[SourceQuality "1"]

1. e4 e5 2. Nc3 Nc6 3. Bc4 Nf6 4. d3 Na5 5. Nge2 Be7 6. Bb3 c6 7. f4 exf4 8. Bxf4 Nxb3 9. axb3 0-0 10. 0-0 d5 11. exd5 Nxd5 12. Nxd5 cxd5 13. Nc3 Be6 14. Kh1 a6 15. Qh5 Rc8 16. d4 Qd7 17. Qf3 Rfe8 18. Qf2 f6 19. Na4 Qb5 20. Nc3 Qc6 21. Rac1 Bf8 22. Rfe1 Bf7 23. Ne2 Bg6 24. Nc3 Bb4 25. Rxe8+ Rxe8 26. Na2 Ba5 27. Bg3 Bh5 28. Qf4 Re2 29. Qb8+ Re8 30. Qf4 g5 31. Qd6 Qxd6 32. Bxd6 Bg6 33. b4 Bb6 34. Bc5 Bxc5 35. bxc5 Re4 36. Rd1 Bh5 37. Rf1 Rxd4 38. Nc3 Kf7 39. Kg1 Ke6 40. Re1+ Kd7 41. Rf1 Kc6 42. Rxf6+ Kxc5 43. Rf5 Bg6 44. Rxg5 Rd2 45. Kf1 Kc4 46. Ke1 Rxc2 47. Nxd5 Rxb2 48. Nf4 Bb1 49. Kd1 b5 50. Kc1 Kb3 51. Ne6 Ka2 52. Nd4 Rb4 53. Ne2 Rc4+ 54. Kd2 Kb3 55. g4 Kb4 56. Ke3 Ka4 0-1

[Event "CFriend SH-2005-0-00031 email"]
[Site "Chessfriend.com"]
[Date "2005.04.13"]
[Round "1"]
[White "Sandehn, Kenth"]
[Black "Hassim, Unes"]
[Result "1/2-1/2"]
[WhiteElo "2180"]
[BlackElo "2249"]
[PlyCount "49"]
[EventDate "2005.04.13"]
[EventType "tourn (corr)"]
[EventRounds "6"]
[SourceTitle "Corr 2008"]
[Source "ChessBase"]
[SourceDate "2008.06.24"]
[SourceVersion "1"]
[SourceVersionDate "2008.06.24"]
[SourceQuality "1"]

1. e4 c5 2. Nf3 d6 3. d4 cxd4 4. Nxd4 Nf6 5. Nc3 a6 6. Be3 e6 7. Qf3 Nbd7 8. Be2 h5 9. 0-0 Ng4 10. Bd2 Qb6 11. Nb3 Nde5 12. Qh3 Bd7 13. a4 Rc8 14. a5 Qa7 15. Bxg4 Nxg4 16. Qg3 Ne5 17. Be3 h4 18. Qh3 Qa8 19. Nd2 Nc4 20. Nxc4 Rxc4 21. Rfd1 e5 22. Qf3 h3 23. g3 Qc8 24. Qe2 f5 25. f3 1/2-1/2

[Event "CFriend SH-2005-0-00031 email"]
[Site "Chessfriend.com"]
[Date "2005.04.13"]
[Round "1"]
[White "Sandehn, Kenth"]
[Black "Lazan, Rastislav"]
[Result "1/2-1/2"]
[WhiteElo "2180"]
[BlackElo "2229"]
[PlyCount "77"]
[EventDate "2005.04.13"]
[EventType "tourn (corr)"]
[EventRounds "6"]
[SourceTitle "Corr 2008"]
[Source "ChessBase"]
[SourceDate "2008.06.24"]
[SourceVersion "1"]
[SourceVersionDate "2008.06.24"]
[SourceQuality "1"]

1. e4 g6 2. d4 Bg7 3. Nc3 d6 4. Be3 Nf6 5. Nf3 c6 6. Qd2 b5 7. Bd3 Bg4 8. e5 b4 9. Ne2 Nd5 10. Bh6 Bxh6 11. Qxh6 Bxf3 12. gxf3 dxe5 13. dxe5 Nd7 14. Be4 e6 15. f4 Qb6 16. 0-0 0-0-0 17. Rad1 g5 18. f5 Rhe8 19. Nd4 Nxe5 20. fxe6 c5 21. Qg7 Nf4 22. Qxe5 Rxd4 23. Rxd4 cxd4 24. e7 f6 25. Bf5+ Kb7 26. Qe4+ Kc7 27. Re1 Qc5 28. Bxh7 Qe5 29. Qxe5+ fxe5 30. Rxe5 Kd6 31. Re4 Rxe7 32. Rxe7 Kxe7 33. Be4 a5 34. f3 Kd6 35. Kf2 Nh5 36. Bd3 Ke5 37. Bb5 Kf5 38. a3 Ke5 39. axb4 1/2-1/2

[Event "CFriend SH-2005-0-00031 email"]
[Site "Chessfriend.com"]
[Date "2005.04.13"]
[Round "1"]
[White "Sandehn, Kenth"]
[Black "Tarmak, Mart"]
[Result "1-0"]
[WhiteElo "2180"]
[BlackElo "2172"]
[PlyCount "37"]
[EventDate "2005.04.13"]
[EventType "tourn (corr)"]
[EventRounds "6"]
[SourceTitle "Corr 2008"]
[Source "ChessBase"]
[SourceDate "2008.06.24"]
[SourceVersion "1"]
[SourceVersionDate "2008.06.24"]
[SourceQuality "1"]

1. e4 d6 2. d4 Nf6 3. Nc3 g6 4. Be3 c6 5. Qd2 b5 6. a3 Nbd7 7. Be2 e5 8. Nf3 a6 9. Rd1 Bb7 10. 0-0 Qc7 11. dxe5 dxe5 12. Bh6 0-0-0 13. Bxf8 Rhxf8 14. Rfe1 Nb6 15. Qg5 Nbd7 16. Rd2 Ng8 17. Red1 h6 18. Qg3 g5 19. Rd6 1-0

[Event "IECG TE.2002.S.01105 email"]
[Site "IECG email"]
[Date "2004.08.08"]
[Round "?"]
[White "Kluge, Thomas"]
[Black "Sandehn, Kenth"]
[Result "0-1"]
[WhiteElo "2042"]
[BlackElo "2172"]
[PlyCount "98"]
[EventDate "2004.08.08"]
[EventType "tourn (corr)"]
[EventRounds "8"]
[SourceTitle "Corr 2008"]
[Source "ChessBase"]
[SourceDate "2008.06.24"]
[SourceVersion "1"]
[SourceVersionDate "2008.06.24"]
[SourceQuality "1"]

1. d4 Nf6 2. c4 c5 3. d5 e6 4. Nc3 exd5 5. cxd5 d6 6. e4 g6 7. f3 Bg7 8. Nge2 Nbd7 9. Ng3 h5 10. Nb5 Ke7 11. Bf4 Ne5 12. Bxe5 dxe5 13. d6+ Kf8 14. Nc7 Rb8 15. Bc4 b5 16. Bxb5 Rb6 17. Bc4 Rxb2 18. 0-0 Rb6 19. Qa4 Rb4 20. Qc2 Qxd6 21. Nb5 Qb6 22. Rab1 h4 23. Ne2 Bh6 24. Rfd1 Ba6 25. a3 Rxb1 26. Rxb1 Kg7 27. Qc3 Qb8 28. Nc1 h3 29. g3 Rd8 30. Nd3 Be3+ 31. Kf1 Bd4 32. Qc2 Bxb5 33. Rxb5 Qc7 34. Nf2 Ne8 35. Ng4 Nd6 36. Qc1 Rh8 37. Rb3 Nxc4 38. Qxc4 Rb8 39. Qc1 Rb6 40. a4 c4 41. Ke2 c3 42. Kd3 Qc6 43. Rxb6 axb6 44. Ke2 c2 45. Ne3 Bxe3 46. Kxe3 Qc3+ 47. Ke2 f6 48. f4 exf4 49. gxf4 Kf7 0-1

[Event "CFriend SH-2004-0-00022 email"]
[Site "Chessfriend.com"]
[Date "2004.07.13"]
[Round "?"]
[White "Koch, Christian"]
[Black "Sandehn, Kenth"]
[Result "1/2-1/2"]
[WhiteElo "2213"]
[BlackElo "2172"]
[PlyCount "36"]
[EventDate "2004.??.??"]
[EventType "tourn (corr)"]
[EventRounds "8"]
[SourceTitle "Corr 2008"]
[Source "ChessBase"]
[SourceDate "2008.06.24"]
[SourceVersion "1"]
[SourceVersionDate "2008.06.24"]
[SourceQuality "1"]

1. d4 Nf6 2. c4 e6 3. Nf3 b6 4. g3 Ba6 5. b3 Bb4+ 6. Bd2 Bxd2+ 7. Qxd2 0-0 8. Nc3 d5 9. cxd5 exd5 10. Bg2 Re8 11. Ne5 Qd6 12. 0-0 Nbd7 13. Nxd7 Qxd7 14. Rfe1 c6 15. e4 dxe4 16. Nxe4 Nd5 17. Nc3 Nf6 18. d5 Qd6 1/2-1/2

[Event "CFriend SH-2004-0-00022 email"]
[Site "Chessfriend.com"]
[Date "2004.07.13"]
[Round "1"]
[White "Sandehn, Kenth"]
[Black "Malmstroem, Jan"]
[Result "0-1"]
[WhiteElo "2164"]
[BlackElo "1915"]
[PlyCount "76"]
[EventDate "2004.??.??"]
[EventType "tourn (corr)"]
[EventRounds "8"]
[SourceTitle "Corr 2008"]
[Source "ChessBase"]
[SourceDate "2008.06.24"]
[SourceVersion "1"]
[SourceVersionDate "2008.06.24"]
[SourceQuality "1"]

1. e4 e5 2. Nf3 Nc6 3. Bb5 a6 4. Ba4 Nf6 5. 0-0 Be7 6. Re1 b5 7. Bb3 0-0 8. c3 d6 9. h3 Na5 10. Bc2 c5 11. d4 Qc7 12. Nbd2 Bd7 13. Nf1 Nc4 14. b3 Nb6 15. Ne3 Rac8 16. dxe5 dxe5 17. Nd5 Nbxd5 18. exd5 Bd6 19. Bg5 Ne8 20. Qe2 f6 21. Bd2 c4 22. Rad1 Qb7 23. bxc4 bxc4 24. Bc1 Qc7 25. Bb2 Qa5 26. Bb1 Rf7 27. Nh2 f5 28. Nf1 e4 29. Ne3 Bb8 30. Rd4 Qc7 31. Nf1 Nd6 32. Red1 Re8 33. Re1 Ba7 34. Rd2 f4 35. Qh5 Bf5 36. Qd1 Bc5 37. Bc2 Re5 38. a4 Qe7 0-1

[Event "CFriend SH-2004-0-00022 email"]
[Site "Chessfriend.com"]
[Date "2004.07.13"]
[Round "1"]
[White "Sandehn, Kenth"]
[Black "Nakamura, Mihoko"]
[Result "1-0"]
[WhiteElo "2164"]
[BlackElo "2045"]
[PlyCount "61"]
[EventDate "2004.??.??"]
[EventType "tourn (corr)"]
[EventRounds "8"]
[SourceTitle "Corr 2008"]
[Source "ChessBase"]
[SourceDate "2008.06.24"]
[SourceVersion "1"]
[SourceVersionDate "2008.06.24"]
[SourceQuality "1"]

1. e4 c5 2. Nc3 Nc6 3. g3 g6 4. Bg2 Bg7 5. Nge2 d6 6. 0-0 e6 7. d3 Nge7 8. Be3 0-0 9. d4 cxd4 10. Nxd4 a6 11. Nxc6 Nxc6 12. Na4 b5 13. Nb6 Rb8 14. Nxc8 Rxc8 15. Rb1 b4 16. Qd3 Qa5 17. a3 bxa3 18. Bd2 Qa4 19. bxa3 Ne5 20. Qb3 Qc6 21. Rfc1 Nc4 22. Be1 Rfd8 23. Rd1 Qc7 24. Bf1 h6 25. a4 Qc6 26. Bg2 Qc7 27. Bf1 Qc6 28. Bg2 Rb8 29. Qxb8 Rxb8 30. Rxb8+ Kh7 31. a5 1-0

[Event "CFriend SH-2004-0-00022 email"]
[Site "Chessfriend.com"]
[Date "2004.07.13"]
[Round "1"]
[White "Sandehn, Kenth"]
[Black "Simmelink, Joop Theo"]
[Result "0-1"]
[WhiteElo "2164"]
[BlackElo "2297"]
[PlyCount "106"]
[EventDate "2004.??.??"]
[EventType "tourn (corr)"]
[EventRounds "8"]
[SourceTitle "Corr 2008"]
[Source "ChessBase"]
[SourceDate "2008.06.24"]
[SourceVersion "1"]
[SourceVersionDate "2008.06.24"]
[SourceQuality "1"]

1. e4 c5 2. Nc3 Nc6 3. Nge2 Nf6 4. g3 g6 5. Bg2 Bg7 6. 0-0 0-0 7. d3 Rb8 8. Bf4 d6 9. Qd2 b5 10. a3 Ng4 11. f3 e5 12. fxg4 exf4 13. Nxf4 Bxg4 14. Rab1 a5 15. Ncd5 a4 16. c3 h5 17. Bh3 Ne5 18. Bxg4 hxg4 19. Kh1 Qd7 20. Qe2 Rbe8 21. b3 axb3 22. Rxb3 f5 23. Rbb1 Kh7 24. exf5 Rxf5 25. Rbe1 g5 26. Nh5 Ref8 27. Qe4 Kh6 28. Rxf5 Qxf5 29. Nxg7 Kxg7 30. Qxf5 Rxf5 31. Re2 Rf7 32. d4 Nc4 33. Re4 Kg6 34. Kg2 Ra7 35. Rxg4 Kf5 36. h3 Rxa3 37. Ne7+ Ke6 38. Re4+ Ne5 39. Ng8 Ra2+ 40. Kf1 Ra4 41. h4 cxd4 42. cxd4 Kf7 43. Nh6+ Kg6 44. Ng8 Kf5 45. Re2 Rxd4 46. h5 b4 47. Rf2+ Ke4 48. h6 b3 49. h7 Ng6 50. Rb2 Rd3 51. Kg2 Kd4 52. Rf2 g4 53. Nf6 Rc3 0-1

[Event "IECG TE.2002.F.00600 email"]
[Site "IECG email"]
[Date "2004.01.23"]
[Round "?"]
[White "Sandehn, Kenth"]
[Black "Ottenweller, Wolfgang"]
[Result "1-0"]
[WhiteElo "2201"]
[BlackElo "1969"]
[PlyCount "79"]
[EventDate "2004.01.23"]
[EventType "tourn (corr)"]
[EventRounds "8"]
[SourceTitle "Corr 2008"]
[Source "ChessBase"]
[SourceDate "2008.06.24"]
[SourceVersion "1"]
[SourceVersionDate "2008.06.24"]
[SourceQuality "1"]

1. e4 c5 2. d4 cxd4 3. c3 dxc3 4. Nxc3 Nc6 5. Nf3 e6 6. Bc4 d6 7. 0-0 Nf6 8. Qe2 Be7 9. Rd1 e5 10. Be3 Bg4 11. h3 Bh5 12. g4 Bg6 13. Nh4 Qd7 14. f4 Nxe4 15. Nxg6 Nxc3 16. Bxf7+ Kd8 17. bxc3 hxg6 18. Qf1 Kc7 19. fxe5 Nxe5 20. Bd5 Raf8 21. Qg2 b6 22. a4 Nc6 23. a5 Nxa5 24. Rdb1 Rb8 25. Qe4 Rhc8 26. Qb4 Kd8 27. Rxa5 bxa5 28. Qxb8 Rxb8 29. Rxb8+ Kc7 30. Rb7+ Kc8 31. Rxd7 Kxd7 32. Bb3 Bf6 33. c4 Bc3 34. Bxa7 Bb4 35. Kf2 Bc5+ 36. Bxc5 dxc5 37. h4 Ke6 38. Ke3 Ke5 39. Ba4 Kf6 40. Kf4 1-0

[Event "IECG TE.2002.F.00600 email"]
[Site "IECG email"]
[Date "2004.01.23"]
[Round "?"]
[White "Warren, Robert"]
[Black "Sandehn, Kenth"]
[Result "0-1"]
[WhiteElo "1960"]
[BlackElo "2201"]
[PlyCount "106"]
[EventDate "2004.01.23"]
[EventType "tourn (corr)"]
[EventRounds "8"]
[SourceTitle "Corr 2008"]
[Source "ChessBase"]
[SourceDate "2008.06.24"]
[SourceVersion "1"]
[SourceVersionDate "2008.06.24"]
[SourceQuality "1"]

1. e4 c5 2. d4 cxd4 3. c3 dxc3 4. Nxc3 Nc6 5. Nf3 d6 6. Bc4 e6 7. 0-0 Nf6 8. Qe2 Be7 9. Rd1 e5 10. h3 0-0 11. Bg5 Be6 12. Rd2 Rc8 13. Bxf6 Bxf6 14. Bxe6 fxe6 15. Rad1 Nd4 16. Nxd4 exd4 17. Nb5 e5 18. Nxa7 Rc7 19. Nb5 Rc6 20. Qd3 Bg5 21. Rc2 Qd7 22. Re2 Qe6 23. b3 Rfc8 24. Kh2 d5 25. exd5 Qxd5 26. Rde1 Rc5 27. a4 R5c6 28. Kg1 Rc1 29. Kh2 g6 30. g3 Bf6 31. Rxc1 Rxc1 32. f3 Bg7 33. Kg2 Qc6 34. h4 b6 35. Kf2 Rh1 36. Re1 Rh2+ 37. Kg1 Qc2 38. Qxc2 Rxc2 39. Rd1 Rb2 40. Rd3 Bf8 41. Nc7 Kf7 42. Nd5 Bc5 43. Kf1 h5 44. Nc7 Rc2 45. Nb5 Ke6 46. Rd1 Rb2 47. Rd3 Kf5 48. Nc7 e4 49. fxe4+ Kxe4 50. Rd1 d3 51. Ne6 Be3 52. Ng5+ Kd4 53. Nf3+ Kc3 0-1

[Event "IECG CP.2003.P.00061 email"]
[Site "IECG email"]
[Date "2003.10.01"]
[Round "?"]
[White "Gonchigsuren, Bor"]
[Black "Sandehn, Kenth"]
[Result "1/2-1/2"]
[WhiteElo "1900"]
[BlackElo "2211"]
[PlyCount "66"]
[EventDate "2003.10.01"]
[EventType "tourn (corr)"]
[EventRounds "6"]
[EventCountry "IRL"]
[SourceTitle "Corr 2008"]
[Source "ChessBase"]
[SourceDate "2008.06.24"]
[SourceVersion "1"]
[SourceVersionDate "2008.06.24"]
[SourceQuality "1"]

1. d4 Nf6 2. c4 e6 3. Nf3 b6 4. g3 Ba6 5. Nbd2 d5 6. Bg2 Be7 7. 0-0 0-0 8. cxd5 exd5 9. Ne5 c5 10. Re1 cxd4 11. Nb3 Bb4 12. Bd2 Bd6 13. f4 Ne4 14. Nxd4 Nd7 15. Nec6 Qf6 16. Bb4 Bxb4 17. Nxb4 Bb7 18. Nb5 Qe7 19. Qd4 Qc5 20. a4 a5 21. Nd3 Qxd4+ 22. Nxd4 Rac8 23. Nf5 Rc4 24. Red1 Ndf6 25. Ne5 Rc2 26. Rac1 Rxb2 27. Ne7+ Kh8 28. Rb1 Rb4 29. Rxb4 axb4 30. Rb1 g6 31. Rxb4 Re8 32. Bxe4 Nxe4 33. N7c6 Bxc6 1/2-1/2

[Event "IECG CP.2000.F.00002 email"]
[Site "IECG email"]
[Date "2003.10.01"]
[Round "?"]
[White "Rooms, Trevor J"]
[Black "Sandehn, Kenth"]
[Result "1/2-1/2"]
[WhiteElo "2283"]
[BlackElo "2211"]
[PlyCount "60"]
[EventDate "2003.10.01"]
[EventType "tourn (corr)"]
[EventRounds "8"]
[SourceTitle "Corr 2008"]
[Source "ChessBase"]
[SourceDate "2008.06.24"]
[SourceVersion "1"]
[SourceVersionDate "2008.06.24"]
[SourceQuality "1"]

1. d4 Nf6 2. Nc3 d5 3. e4 Nxe4 4. Nxe4 dxe4 5. Bf4 e6 6. Qd2 Bd6 7. 0-0-0 Nd7 8. Ne2 0-0 9. Nc3 f5 10. f3 Nf6 11. fxe4 Nxe4 12. Nxe4 fxe4 13. Be3 Qe8 14. Be2 Qa4 15. Kb1 Bd7 16. c4 Bb4 17. Qc1 Rf7 18. Rhf1 Raf8 19. Rxf7 Rxf7 20. Rf1 Rf5 21. g4 Rxf1 22. Bxf1 Be7 23. Bg2 Bc6 24. g5 Qa5 25. Bh3 Bd7 26. Bg4 Qa6 27. h4 Be8 28. h5 Bf7 29. Qc2 Qc6 30. Be2 a6 1/2-1/2

[Event "IECG CP.2003.P.00061 email"]
[Site "IECG email"]
[Date "2003.10.01"]
[Round "?"]
[White "Sandehn, Kenth"]
[Black "Ivanov, Hristo"]
[Result "1-0"]
[WhiteElo "2211"]
[BlackElo "2074"]
[PlyCount "29"]
[EventDate "2003.10.01"]
[EventType "tourn (corr)"]
[EventRounds "6"]
[EventCountry "IRL"]
[SourceTitle "Corr 2024"]
[Source "ChessBase"]
[SourceDate "2023.10.19"]
[SourceVersion "1"]
[SourceVersionDate "2023.10.19"]
[SourceQuality "1"]

1. e4 c5 2. Nc3 Nc6 3. g3 g6 4. Bg2 Bg7 5. Nge2 d6 6. 0-0 e6 7. d3 Nge7 8. Be3 Nd4 9. Rb1 0-0 10. b4 Nxe2+ 11. Nxe2 cxb4 12. Rxb4 d5 13. Rb3 d4 14. Bg5 Qc7 15. c3 1-0

[Event "IECG CP.2002.Q.00010 email"]
[Site "IECG email"]
[Date "2003.10.01"]
[Round "?"]
[White "Sandehn, Kenth"]
[Black "Joensson, Paul E"]
[Result "1/2-1/2"]
[WhiteElo "2211"]
[BlackElo "2014"]
[PlyCount "51"]
[EventDate "2003.10.01"]
[EventType "tourn (corr)"]
[EventRounds "10"]
[SourceTitle "Corr 2008"]
[Source "ChessBase"]
[SourceDate "2008.06.24"]
[SourceVersion "1"]
[SourceVersionDate "2008.06.24"]
[SourceQuality "1"]

1. e4 c6 2. d4 d5 3. Nc3 dxe4 4. Nxe4 Bf5 5. Ng3 Bg6 6. Nf3 Nd7 7. Bd3 e6 8. Bxg6 hxg6 9. Bf4 Qb6 10. 0-0 Ngf6 11. a4 c5 12. a5 Qc6 13. b3 Bd6 14. Bxd6 Qxd6 15. Qe2 0-0 16. Rfd1 Rad8 17. a6 b6 18. Rd2 Qc6 19. c4 Nb8 20. Qe3 cxd4 21. Nxd4 Qc8 22. Nf1 Rd7 23. Nf3 Nc6 24. Ne5 Nxe5 25. Qxe5 Rfd8 26. Qe3 1/2-1/2

[Event "IECG CP.2000.F.00002 email"]
[Site "IECG email"]
[Date "2003.10.01"]
[Round "?"]
[White "Sandehn, Kenth"]
[Black "Schulze, Michael"]
[Result "1/2-1/2"]
[WhiteElo "2211"]
[BlackElo "2421"]
[PlyCount "57"]
[EventDate "2003.10.01"]
[EventType "tourn (corr)"]
[EventRounds "8"]
[SourceTitle "Corr 2008"]
[Source "ChessBase"]
[SourceDate "2008.06.24"]
[SourceVersion "1"]
[SourceVersionDate "2008.06.24"]
[SourceQuality "1"]

1. e4 e5 2. Nf3 Nc6 3. Bc4 Nf6 4. d3 Be7 5. 0-0 0-0 6. c3 d5 7. exd5 Nxd5 8. Re1 Bg4 9. h3 Bh5 10. Nbd2 a6 11. Ne4 Bg6 12. Bb3 Re8 13. a4 Qd7 14. a5 Rad8 15. Bc4 Nf6 16. Qb3 Nxe4 17. dxe4 Qc8 18. Bd5 Bf6 19. Be3 Bh5 20. Nh2 Rd7 21. Ng4 Bxg4 22. hxg4 h6 23. f3 Red8 24. g3 Bg5 25. Bf2 Bd2 26. Red1 Bg5 27. Kg2 g6 28. Bc5 Kg7 29. Bg1 1/2-1/2

[Event "IECG TE.2003.P.01205 email"]
[Site "IECG email"]
[Date "2003.08.18"]
[Round "?"]
[White "Klawitter, Bernd"]
[Black "Sandehn, Kenth"]
[Result "0-1"]
[WhiteElo "1348"]
[BlackElo "2222"]
[PlyCount "48"]
[EventDate "2003.08.18"]
[EventType "tourn (corr)"]
[EventRounds "12"]
[SourceTitle "Corr 2008"]
[Source "ChessBase"]
[SourceDate "2008.06.24"]
[SourceVersion "1"]
[SourceVersionDate "2008.06.24"]
[SourceQuality "1"]

1. e4 d5 2. exd5 Qxd5 3. Nc3 Qd6 4. Nf3 Nf6 5. d4 Bg4 6. Be2 e6 7. h3 Bxf3 8. Bxf3 Nc6 9. Ne2 e5 10. Be3 e4 11. Bf4 Qe7 12. Bg4 h5 13. Bf5 g6 14. Bxg6 fxg6 15. Qd2 0-0-0 16. Bg5 Qf7 17. 0-0-0 Qxa2 18. Nc3 Qa1+ 19. Nb1 Nb4 20. Qxb4 Bxb4 21. Bxf6 Rdf8 22. Bxh8 Rxf2 23. d5 e3 24. Bc3 Bxc3 0-1

[Event "IECG TE.2003.P.01205 email"]
[Site "IECG email"]
[Date "2003.08.18"]
[Round "?"]
[White "Sandehn, Kenth"]
[Black "Bonham, Rob W"]
[Result "1-0"]
[WhiteElo "2222"]
[BlackElo "800"]
[PlyCount "39"]
[EventDate "2003.08.18"]
[EventType "tourn (corr)"]
[EventRounds "12"]
[SourceTitle "Corr 2008"]
[Source "ChessBase"]
[SourceDate "2008.06.24"]
[SourceVersion "1"]
[SourceVersionDate "2008.06.24"]
[SourceQuality "1"]

1. e4 d5 2. exd5 Qxd5 3. Nc3 Qd6 4. d4 Nf6 5. Nf3 c6 6. Ne5 Be6 7. Bf4 Nbd7 8. Ng6 Bg4 9. Bxd6 Bxd1 10. Nxh8 exd6 11. Kxd1 Ng4 12. Kd2 0-0-0 13. Nxf7 Re8 14. Re1 Rxe1 15. Kxe1 d5 16. g3 c5 17. Nxd5 cxd4 18. Bh3 h5 19. Ke2 Nc5 20. f3 1-0